Rufino Tamayo : catalogue raisonné : gráfica-prints, 1925-1991 /
El presente texto es el catálogo de la totalidad de la obra gráfica producida por el artista.
Gardado en:
| Autor Principal: | |
|---|---|
| Outros autores: | , , |
| Formato: | Libro |
| Idioma: | Lingua castelá |
| Publicado: |
México : Madrid, España :
Fundación Olga y Rufino Tamayo ; Turner,
2004, c2004
|
| Temas: | |
| Etiquetas: |
Sen Etiquetas, Sexa o primeiro en etiquetar este rexistro!
|
MARC
| LEADER | 00000nam^a2200000^a^4500 | ||
|---|---|---|---|
| 001 | 000182800 | ||
| 005 | 20250526000000.0 | ||
| 009 | 20260310102020.695 | ||
| 020 | |a 968-5979-03-0 | ||
| 020 | |a 84-7506-618-6 | ||
| 037 | |a Acervo ITESO - Biblioteca | ||
| 041 | |a ESP | ||
| 082 | |a 759. 97206 |b TAM PER | ||
| 100 | |a Tamayo, Rufino |e (pintor) | ||
| 245 | 1 | 0 | |a Rufino Tamayo : |b catalogue raisonné : gráfica-prints, 1925-1991 / |c Pintor R. Tamayo ; coord. de J.C. Pereda ; presen. de A. Labarrere de Servitje ; introd. de R. Tibol. |
| 264 | 4 | |a México : |b Fundación Olga y Rufino Tamayo ; |a Madrid, España : |b Turner, |c 2004, c2004 | |
| 300 | |a 360 p. (gran formato) ; |c 33.0 cm. | ||
| 336 | |a texto |b txt |2 rdacontenido | ||
| 337 | |a sin mediación |b n |2 rdamedio | ||
| 338 | |a volumen |b nc |2 rdasoporte | ||
| 520 | |a El presente texto es el catálogo de la totalidad de la obra gráfica producida por el artista. | ||
| 545 | 0 | |a Rufino Tamayo (1899-1991) es autor tanto de obra mural como de caballete; sus pinturas se encuentran en los principales museos de arte contemporáneo del mundo. Obtuvo numerosos reconocimientos, como los de la Bienal de Sao Paulo (1953), la Bienal de México (1960), la Beca Guggenheim (1960), la Medalla Belisario Domínguez (1988), entre otros. Donó su colección de arte para crear en 1981 y en la ciudad de México, el museo que lleva su nombre. | |
| 546 | |a Edición bilingüe español-inglés | ||
| 649 | |a XX | ||
| 650 | |a Pintores Mexicanos | ||
| 650 | |a Artistas Mexicanos | ||
| 650 | |a Aguafuerte - |z México - |x Catálogos | ||
| 650 | |a Aguatinta - |z México - |x Catálogos | ||
| 650 | |a Litografía - |z México - |x Catálogos | ||
| 650 | |a Grabado - |z México - |x Catálogos | ||
| 650 | |a Pintura Mexicana - |y Siglo XX | ||
| 650 | |a Pintura Mexicana - |x Historia y Crítica | ||
| 650 | |a Pintura Mexicana - |x Catálogos | ||
| 650 | |a Arte Mexicano - |y Siglo XX | ||
| 650 | |a Arte Mexicano - |x Historia y Crítica | ||
| 650 | |a Arte Mexicano - |x Catálogos | ||
| 650 | |a Tamayo, Rufino - |x Tema Principal | ||
| 700 | |a Pereda, Juan Carlos |e (coordinación) | ||
| 700 | |a Labarrere de Servitje, Aimée |e (presentación) | ||
| 700 | |a Tibol, Raquel |e (introducción) | ||
| 910 | |a Fondo General | ||
| 920 | |a Impresos - Libros | ||
| 930 | |a Libros Antiguos y Raros | ||
| 905 | |a 108 | ||
| 901 | |a 0500122571 |b IT2 |c LRA |u 20250526 | ||
| 902 | |a https://opac.biblio.iteso.mx/vufind/Record/000182800 | ||